MARC

LEADER 00000nam0a2200000 4500
001 133885
005 20231031135454.0
020 |a RU  |b 80-63638ж 
035 |a (RuTPU)RU\TPU\book\145126 
090 |a 133885 
100 |a 20080322d1980 k y0rusy5003 ca 
101 0 |a rus 
102 |a RU 
105 |a a z 001zy 
200 1 |a Водный режим и коррозия энергетического оборудования  |e сборник статей  |f Научно-производственное объединение по исследованию и проектированию энергетического оборудования им. И. И. Ползунова (НПО ЦКТИ) ; под ред. Г. П. Сутоцкого 
210 |a Ленинград  |c НПО ЦКТИ  |d 1980 
215 |a 98,5 с.  |c ил.  |d 26 см. 
225 1 |a Труды ЦКТИ  |v Вып. 176 
610 1 |a тепловые электрические станции 
610 1 |a теплосиловое оборудование 
610 1 |a водный режим 
610 1 |a защита от коррозии 
610 1 |a энергетическое оборудование 
610 1 |a водно-химический режим 
610 1 |a нормирование 
675 |a 621.311.22.002.5:621.182.1  |z rus 
675 |a 621.311.22:628  |z rus 
702 1 |a Сутоцкий  |b Г. П.  |g Георгий Петрович  |4 340 
712 0 2 |a Научно-производственное объединение по исследованию и проектированию энергетического оборудования им. И. И. Ползунова (НПО ЦКТИ)  |c (Санкт-Петербург)  |c (1994- )  |2 stltpush  |3 (RuTPU)RU\TPU\col\311 
801 0 |a RU  |b RuMRKP  |c 19950704  |g psbo 
801 1 |a RU  |b 63413507  |c 20080322  |g PSBO 
801 2 |a RU  |b 63413507  |c 20120428  |g PSBO 
942 |c BK